000 00456nab a2200145Ia 4500
003 ES-SlBCS
005 20210601143059.0
008 140529s2002 xxu||||| |||| 00| 0 spa d
041 _aspa
100 1 _aGijs, Pedro
_9280931
245 0 0 _aLa Iglesia venezolana en la segunda mitad del siglo XX
_c Pedro Gijs
650 4 _aIglesia Venezolana
_9220437
773 0 _tLabor Theologicus (Antes Teología Iusi
_gnº. 29, 2002, págs. 17-58
_wRev1656
942 _cAR
999 _c686766
_d686766